000 00479nam a2200193 a 4500
003 DO-SdBNP
005 20221024140545.0
007 ta
008 190716s 1999 ||||| |||| 00| 0 eng d
040 _aDO-SdBNP
_bspa
_cBNPHU
082 _222
_a616.152
_bA578
245 3 _aLas anemias
260 _aNew York,
_bEli Lilly And Company,
_c1900?.
300 _a109 p.
_c24 cm.
590 _aInventariado, 2022 / DG
650 4 _aAnemia
_982575
910 _aDG
942 _2ddc
_cLBS1
999 _c52619
_d52619